1830 1625 1628 1340 1845 1981 1505 1863 1670 1962 1009 1877 1568 1536 1694 1052 1215 1930 1552 1223 1282 1292 1324 1698 1386 1278 1182 1124 1125 1115 1681 1343 1845 1740 1543 1795 1166 1613 1241 1485 1971 1022 1917 1904 1806 1861 1187 1383 1477 1429 1084 1846 1310 1742 1769 1179 1989 1892 1348 1947 1815 1641 1012 1034 1146 1510 1688 1482 1814 1549 1450 1321 1930 1343 1008 1432 1097 1826 1096 1599 1324 1473 1465 1009 1179 1862 1287 1066 1395 1495 1700 1227 2000 1907 1915 1338 1616 1251 1768 BCNSPRNW ULIB Ver.6.0+V

เปลี่ยนเป็นภาษาไทย

Change to English
 แสดงรายละเอียดบรรณานุกรม
  กลับหน้าหลัก

Brief Record : Get Marc (ISO 2709) : E-mail record : QR code < ปิดหน้าต่าง
LEADER : 00000nam 2200000uu 4500
001    13399121454
003     ULIB
008    110609s2546 th 000 1 tha d
020    ^a9789749167588
090    ^aรส^bส182ก 2546
100 0  ^aสถาพร ศรีสัจจา
245 10 ^aก่อนไปสู่ภูเขาและงานคัดสรร /^cสถาพร ศรีสัจจา, พนมนันทพฤกษ์
250    ^aพิมพ์ครั้งที่ 1
260    ^aกรุงเทพฯ :^bมูลนิธิสถาบันวิชาการ 14 ตุลา,^c2546
300    ^a148 หน้า ;^c21 ซม.
490 0  ^aหนังสือชุด''ตุลาวรรณกรรม''
500    ^aฉลองครบรอบ 30 ปี 14 ตุลา : 2516-2546 ร่วมวาระประวัติศาสตร์''''วัน 14 ตุลา ประชาธิปไตย''''
650  4 ^aเรื่องสั้นไทย^xรวมเรื่อง
650  4 ^aเรื่องสั้นไทย
650  4 ^aกวีนิพนธ์
650  4 ^aกวีนิพนธ์ไทย
700 0  ^aพนม นันทพฤกษ์
710 2  ^aมูลนิธิสถาบันวิชาการ 14 ตุลา
945    ^p0^l0^i14369
995    ^aกัณชพร
999    ^aกัณชพร
รายการนี้ยังไม่มีแท็ก
คุณยังไม่ได้ล็อกอิน คุณสามารถมีกิจกรรมร่วมกับเว็บไซต์ได้ แต่ต้องล็อกอินก่อน ::
  ล็อกอิน

รายการสื่อสารสนเทศ

ลำดับที่ ประเภท เลขเรียก/บาร์โค้ด สถานที่ สถานะ
1. นวนิยาย
นวนิยาย
รส ส182ก 2546  
  Barcode: 14369
ห้องสมุดวิทยาเขตสวรรค์ประชารักษ์
►นวนิยาย
บนชั้น
  ขอยืม

รายการใกล้เคียง
    หัวเรื่อง [เรื่องสั้นไทย]
    หัวเรื่อง [กวีนิพนธ์]
    หัวเรื่อง [กวีนิพนธ์ไทย]

BibComment


ยังไม่เคยถูกคอมเมนท์

คอมเมนท์ทรัพยากรรายการนี้
  คอมเมนท์: ก่อนไปสู่ภูเขาแล..


 Copyright 2026. Bcnsprnw @Library